Statistics for Capitals of Randomly-Generated Countries

Click here to take the quiz!

General Stats

  • This quiz has been taken 163 times
  • The average score is 13 of 20

Answer Stats

Random CountryCapital City% Correct
United StatesWashington, DC
100%
United KingdomLondon
98%
Czech RepublicPrague
98%
PakistanIslamabad
94%
BulgariaSofia
91%
SerbiaBelgrade
90%
IndonesiaJakarta
90%
EcuadorQuito
84%
GeorgiaTbilisi
82%
BahamasNassau
79%
NicaraguaManagua
74%
SudanKhartoum
73%
TurkmenistanAshgabat
63%
MozambiqueMaputo
58%
ComorosMoroni
54%
(FRANCE)Paris
35%
(MONGOLIA)Ulaanbaatar
17%
(ETHIOPIA)Addis Ababa
13%
(GUATEMALA)Guatemala City
13%
(SOLOMON ISLS.)Honiara
11%

Score Distribution

Percentile by Number Answered

Percent of People with Each Score

Your Score History

You have not taken this quiz